Raad de 50 beste Nederlandse autospotters - Statistieken

Algemene statistieken
  • Deze quiz is 7 keer genomen
  • De gemiddelde score is 30 van 50
Antwoordstatistieken
Hint Antwoord % Correct
Vul in. Brix
100%
Vul in. carphotography_daan
100%
Vul in. Carspotter_Japie
100%
Vul in. Dylan.
100%
Vul in. Jasper.
100%
Vul in. JeffreydeRuijter
100%
Vul in. Jeroen
100%
Vul in. KMPhotography
100%
Vul in. LN-Automotive
100%
Vul in. LucasH
100%
Vul in. Michael.
100%
Vul in. Milan-Luijten
100%
Vul in. Monaro
100%
Vul in. RvdS-Photography
100%
Vul in. spots.by.renzo
100%
Vul in. Style
100%
Vul in. TheAndy
100%
Vul in. wessel.jpeg
100%
Vul in. Arcen_gespot
50%
Vul in. Autodebiel
50%
Vul in. Axel
50%
Vul in. Carkijker
50%
Vul in. Carspot0541
50%
Vul in. Carspotsbyjob
50%
Vul in. Carspotter-Arjan
50%
Vul in. damian12
50%
Vul in. Dave-Jan-Autogespot
50%
Vul in. Exclusive_Spottertje
50%
Vul in. Ferraribobo
50%
Vul in. fritsel
50%
Vul in. gertjeR
50%
Vul in. jfvspots
50%
Vul in. King George
50%
Vul in. MCMVIII
50%
Vul in. mickey
50%
Vul in. OJ
50%
Vul in. PatrickC
50%
Vul in. sanderwubs
50%
Vul in. Snelweggespotnl
50%
Vul in. thomcarspotter
50%
Vul in. TK97
50%
Vul in. Bman
0%
Vul in. JHA
0%
Vul in. JoepCarSpots
0%
Vul in. Johnnycarspotter
0%
Vul in. Jurick
0%
Vul in. Kevin_BMW
0%
Vul in. Shoarmapapa
0%
Vul in. woutertjee
0%
Vul in. ww_carphotography_
0%
Geen overeenkomende quizzen gevonden
Scoreverdeling
Procent van Mensen met Elke Score
Percentiel versus Aantal Correcte Antwoorden
Uw Scoregeschiedenis
U heeft deze quiz nog niet genomen